000 00705cam a2200229 a 4500
020 _a0070239010
020 _a0078343704 (cover)
020 _a0078343690 (IBM, 5 1 / 4 ")
020 _a0078343712 (Mac)
040 _cDLC
082 0 0 _a519 HIL 1994 A034 Or.
100 1 _aGordon, Sheldon P.
245 1 0 _aContemporary statistics :
_ba computer approach /
260 _aNew York :
_bMcGraw-Hill,
_cc1994.
300 _axv, 695 P. :
_bill. (some col.) ;
_c25 cm. +
_e1 computer disk (3 1/2 in.)
500 _aIBM PC compatibles; DOS; hard drive or floppy disk drive.
500 _aIncludes index.
650 0 _aStatistics.
650 0 _aStatistics
700 1 _aGordon, Florence S.
942 _cEK
999 _c13555
_d13555